000 00298 a2200121 4500
000 nam a22 7a 4500
005 20260312093210.0
020 _a9781837722556
100 _aBarbara Chamberlin
_91131713
245 _aHorror and Comics
260 _bUniversity of Chicago
_c2025
942 _cTEXL
999 _c1715150
_d1715150